|
|
|
|
| LEADER |
00000nam0a2200000 4500 |
| 001 |
264228 |
| 005 |
20231101233819.0 |
| 010 |
|
|
|a 9785222222447
|
| 035 |
|
|
|a (RuTPU)RU\TPU\book\287219
|
| 090 |
|
|
|a 264228
|
| 100 |
|
|
|a 20140617d2014 m y0rusy50 ca
|
| 101 |
0 |
|
|a rus
|
| 102 |
|
|
|a RU
|
| 105 |
|
|
|a y j 001zy
|
| 200 |
1 |
|
|a Социология управления
|e учебное пособие для вузов
|f под ред. С. И. Самыгина
|
| 210 |
|
|
|a Ростов-на-Дону
|c Феникс
|d 2014
|
| 215 |
|
|
|a 318 с.
|
| 225 |
1 |
|
|a Высшее образование
|
| 320 |
|
|
|a Библиография в конце глав.
|
| 320 |
|
|
|a Глоссарий: с. 296-315.
|
| 330 |
|
|
|a Основная цель данного учебного пособия — познакомить читателя с ключевыми проблемами социологии управления и овладеть понятийным инструментарием и методологическими навыками изучения управленческих явлений и процессов. Особое внимание в данном учебном пособии уделяется проблемам управления в российском обществе, которые логично вплетены в научно-познавательную колею теории социологии управления и позволяют оценить уровень и масштаб проблем, стоящих сегодня перед российской системой управления. Тематические разделы учебного пособия содержат следующие блоки: социология управления в системе научного знания; специфика и история формирования; управление как социальный феномен; власть и управление; актуальные проблемы повышения управленческой культуры; управленческое воздействие в системе повышения эффективности социального управления; актуальные проблемы в области управления социальными процессами в современной России. Рекомендуется для студентов высших учебных заведений, а также всех тех, кто интересуется социологической наукой и непосредственно управленческими проблемами.
|
| 606 |
1 |
|
|a Социология управления
|2 stltpush
|3 (RuTPU)RU\TPU\subj\69555
|9 84357
|
| 610 |
1 |
|
|a теория
|
| 610 |
1 |
|
|a история
|
| 610 |
1 |
|
|a управление
|
| 610 |
1 |
|
|a власть
|
| 610 |
1 |
|
|a управленческая культура
|
| 610 |
1 |
|
|a социальное управление
|
| 610 |
1 |
|
|a социальные процессы
|
| 610 |
1 |
|
|a учебные пособия
|
| 686 |
|
|
|a С55.373я73
|v LBC/SL-A
|2 rubbk
|
| 702 |
|
1 |
|a Самыгин
|b С. И.
|g Сергей Иванович
|4 340
|
| 801 |
|
1 |
|a RU
|b 63413507
|c 20140617
|
| 801 |
|
2 |
|a RU
|b 63413507
|c 20150622
|g RCR
|
| 942 |
|
|
|c BK
|
| 959 |
|
|
|a 84/20140519
|d 2
|e 333,20
|f ЧЗГЛ:1
|f АНЛ:1
|